000 00621nam a2200229Ia 4500
003 OSt
005 20221005123328.0
006 a|||||r|||| 00| 0
007 ta
008 221004b |||||||| |||| 00| 0 eng d
024 _a59176
037 _cTextual
040 _aCRL
_cCRL
_beng
041 _2eng
_aeng
082 _aU8:467CB:N1, E1
100 _aCursetjee C M
_9633547
245 0 _aLand of the date
_b A recent voyage from Bombay to Basra and back etc 1916-17.
260 _c1911
650 _aGEOGRAPHY
942 _hU8:467CB:N1, E1
_cTEXL
_2cc
999 _c1047079
_d1047079